Statistiques concernant Culture Générale - Série 1442

Cliquez ici pour prendre le quiz!

Statistiques générales

  • Ce quiz a été pris 145 fois
  • Le résultat moyen est 4 sur 10

Statistiques - réponses

QuestionRéponse% Correct
Quelle est la langue officielle de la Jamaïque ?anglais
95%
Auquel des cinq sens traditionnels se rapporte le nom : "nyctalopie" ?vue
90%
En géométrie, quel nom porte la droite qui partage un angle en deux parties égales ?bissectrice
57%
Dans quel État des États-Unis se trouvent les villes de Tampa et Jacksonville ?Floride
57%
En 1642, quel peintre baroque néerlandais est l'auteur du tableau intitulé : "La Ronde de nuit" ?Rembrandt
53%
Qui est l'auteur et l'interprète de "Capri, c'est fini" en 1965 ?Hervé Vilard
46%
Le fondateur du canal du midi, construit de 1666 à 1681, est : Pierre-Paul ...Riquet
17%
A quel groupe britannique doit-on les tubes de 1987 : "Strangelove" et "Never Let Me Down Again" ?Depeche Mode
15%
Quel compositeur allemand a écrit le poème symphonique "Les Joyeux Tours de Till l'espiègle" en 1895 ?Richard Strauss
12%
En 1992, dans le film "Le dernier des Mohicans" réalisé par Michael Mann, l'acteur Daniel Day-Lewis incarne ...Nathaniel
3%

Distribution des résultats

Percentile par nombre de réponses

% des personnes avec chaque résultat

Votre développement - résultats

Vous n’avez pas pris ce quiz